000 00419nam a2200169Ia 4500
003 LK-CoDNM
005 20240826153216.0
008 010623t1932 xxu||||| |||| 00| 1 eng d
040 _aLK-CoDNM
_dLK-CoDNM
_eLK-CoDNM
041 _aeng
080 _a22
_bK44
100 _aDikshitar, V.R. Ramachandra
245 _aThe Mauryan Polity
260 _bUniversity of Madras
_c1932
300 _b394p. : 24 cm
942 _cBK
999 _c96188
_d96188